000 00557nam a22002057a 4500
003 UA-OsUOA
001 43958
007 ta
008 20091202b un ||||| |||| 00| 0 ukr d
090 _a82
_bГ94
942 _cAV
040 _aUA-OsUOA
_bukr
_cUA-OsUOA
_dUA-OsUOA
245 _aГуморески Павла Глазового (Аудіо-касети)
955 _a3
041 _aukr
080 _a82
246 3 1 _aЗ архівних записів
650 7 _a82 Література. Літературознавство
_2UDC
999 _c423795
_d423795